000 00543cam a2200193 4500500
005 20260405003801.0
041 _afre
042 _adc
100 1 0 _aLegros, Martin
_eauthor
245 0 0 _aDéserter
260 _c2023.
500 _a69
690 _aFuite
690 _aMathématique
690 _aMathias Enard
690 _aroman
786 0 _nPhilosophie magazine | 173 | 10 | 2023-10-01 | p. 58-58 | 1951-1787
856 4 1 _uhttps://shs.cairn.info/magazine-philosophie-magazine-2023-10-page-58?lang=fr&redirect-ssocas=7080
999 _c2070794
_d2070794